000 01802nam0a2200325 i 4500
001 RU\NLR\BIBL_A\011172016
005 20241114182743.0
010 _a9785996707942
_950
021 _aRU
_b2016-48787
_93133
035 _a(NILC)RuMoRGB-008522424
035 _a(NLR Aleph) 011172016
090 _a11770328
_c11770328
100 _a20160705d2016 u y0rusy50 ca
101 0 _arus
102 _aRU
105 _aa|||j|||000yy
200 1 _aЧисленные методы решения нелинейных алгебраических уравнений
_eучебное пособие
_e[по направлениям 01.03.02 "Прикладная математика и информатика", 44.03.01 "Педагогическое образование (математика)", 03.03.02 "Физика"]
_fС.И. Кадченко, О.А. Торшина
_gМ-во образования и науки Рос. Федерации, Магнитог. гос. техн. ун-т им. Г.И. Носова
210 _aМагнитогорск
_cИздательский центр ФГБОУ ВПО "МГТУ"
_d2016
215 _a70 с.
_cил.
_d21
320 _aБиблиогр.: с. 69-70 (9 назв.)
606 _aНелинейные алгебраические уравнения
_jУчебные издания для высших учебных заведений
_xРешение
_xЧисленные методы
_92171719
_3RU\NLR\AUTH\661306341
675 _a519.6
686 1 _aВ192.161я73-41
700 1 _aКадченко
_bС. И.
_gСергей Иванович
701 1 _aТоршина
_bО. А.
_gОльга Анатольевна
801 0 _aRU
_bРГБ
_c20160620
_gRCR
942 _cBOOK
980 _aNBR